2026 NBA Finals Rosters - Statistics

General Stats
  • This quiz has been taken 55 times
  • The average score is 22 of 30
Answer Stats
Position # Player % Correct
PG 11 Jalen Brunson
100%
C 32 Karl Anthony-Towns
100%
SF 3 Josh Hart
98%
C 1 Victor Wembanyama
98%
PG 4 De'Aaron Fox
96%
SG 25 Mikal Bridges
96%
PF 8 OG Anunoby
96%
SG 5 Stephon Castle
94%
PG 2 Dylan Harper
92%
C 23 Mitchell Robinson
90%
SF 24 Devin Vassell
88%
PF 30 Julian Champagnie
84%
SG 3 Keldon Johnson
82%
C 7 Luke Kornet
82%
SF 00 Jordan Clarkson
78%
PF 40 Harrison Barnes
73%
SG 2 Miles McBride
73%
SG 44 Landry Shamet
71%
C 18 Bismack Biyombo
61%
PF 11 Carter Bryant
61%
PG 5 Jose Alvarado
59%
PF 20 Jeremy Sochan
57%
SG 13 Tyler Kolek
57%
PF 41 Kelly Olynyk
47%
C 55 Ariel Hukporti
45%
PG 0 Jordan McLaughlin
43%
C 44 Mason Plumlee
43%
SF 4 Pacôme Dadiet
43%
PF 51 Mohamed Diawara
41%
PG 43 Lindy Waters III
33%
No matching quizzes found
Score Distribution
Percent of People with Each Score
Percentile by Number Answered
Your Score History
You have not taken this quiz